000 00270nam a2200109Ia 4500
008 190216s9999||||xx |||||||||||||| ||und||
100 _aBhalla V K
245 0 _aInternational Financial Management
260 _bMarar Sahithya Prakasam
_c2001
300 _a973p
942 _cBK
999 _c6508
_d6508